00764nam a2200181 i 450000100060000000300090000600500170001500700030003200800410003510000390007624501740011526000470028930000370033670000380037385200320041199900170044395201220046051160ES-MaACL20230906162318.0t|030811s1963 sp ||||1| spa d1 aCuervo Rodríguez, Raúl.94202810aAudiencia y valoración de medios b: investigación de la penetración publicitaria por Taymer / c[directores: Raúl Cuervo Rodríguez, Mario Martínez Tercero]. aMadrid : bB. S. de Publicaciones, c1963. a296 p. : b15 gráf. ; c30 cm.1 aMartínez Tercero, Mario.978442 aES-MaACLjC-24274 bR.53235 c51160d51160 00104070aATENEOMbATENEOMcDEPO2d2008-01-17eSCl0oC-24274p1053811r2023-02-23 00:00:00w2023-02-23yMONOGRAFIA